<?xml version="1.0" encoding="UTF-8"?>
<record
    xmlns:xsi="http://www.w3.org/2001/XMLSchema-instance"
    xsi:schemaLocation="http://www.loc.gov/MARC21/slim http://www.loc.gov/standards/marcxml/schema/MARC21slim.xsd"
    xmlns="http://www.loc.gov/MARC21/slim">

  <leader>01248nam a2200325   4500</leader>
  <controlfield tag="003">EG-GICUC</controlfield>
  <controlfield tag="005">20260409181627.0</controlfield>
  <controlfield tag="008">260409s2011    ua ||||frv||| 000 0 ara d</controlfield>
  <datafield tag="017" ind1=" " ind2=" ">
    <subfield code="a">2010/23944</subfield>
  </datafield>
  <datafield tag="040" ind1=" " ind2=" ">
    <subfield code="a"> EG-GICUC</subfield>
    <subfield code="b">ara</subfield>
    <subfield code="c"> EG-GICUC</subfield>
    <subfield code="d"> EG-GICUC</subfield>
    <subfield code="e">rda</subfield>
  </datafield>
  <datafield tag="041" ind1="0" ind2=" ">
    <subfield code="a">ara</subfield>
  </datafield>
  <datafield tag="082" ind1="0" ind2="4">
    <subfield code="2">21</subfield>
    <subfield code="a">343.3844</subfield>
    <subfield code="b">&#x623; &#x62D; . &#x645;</subfield>
  </datafield>
  <datafield tag="092" ind1="0" ind2="4">
    <subfield code="2">21</subfield>
  </datafield>
  <datafield tag="099" ind1=" " ind2=" ">
    <subfield code="a">Law1 10 343.3844 &#x623; &#x62D; . &#x645; 2011</subfield>
  </datafield>
  <datafield tag="100" ind1="0" ind2=" ">
    <subfield code="a">&#x623;&#x62D;&#x645;&#x62F; &#x625;&#x628;&#x631;&#x627;&#x647;&#x64A;&#x645; &#x639;&#x637;&#x64A;&#x629;.</subfield>
    <subfield code="e">&#x645;&#x624;&#x644;&#x641;.</subfield>
  </datafield>
  <datafield tag="245" ind1="1" ind2="2">
    <subfield code="a">&#x627;&#x644;&#x645;&#x648;&#x633;&#x648;&#x639;&#x629; &#x627;&#x644;&#x645;&#x627;&#x633;&#x64A;&#x629; &#x641;&#x64A; &#x623;&#x62D;&#x643;&#x627;&#x645; &#x627;&#x644;&#x646;&#x642;&#x636; &#x627;&#x644;&#x62C;&#x646;&#x627;&#x626;&#x64A; /</subfield>
    <subfield code="c">&#x625;&#x639;&#x62F;&#x627;&#x62F; &#x627;&#x644;&#x645;&#x633;&#x62A;&#x634;&#x627;&#x631; &#x623;&#x62D;&#x645;&#x62F; &#x625;&#x628;&#x631;&#x627;&#x647;&#x64A;&#x645; &#x639;&#x637;&#x64A;&#x629;.</subfield>
  </datafield>
  <datafield tag="250" ind1=" " ind2=" ">
    <subfield code="a">&#x627;&#x644;&#x637;&#x628;&#x639;&#x629; &#x627;&#x644;&#x623;&#x648;&#x644;&#x649;.</subfield>
  </datafield>
  <datafield tag="264" ind1=" " ind2="1">
    <subfield code="a">&#x627;&#x644;&#x642;&#x627;&#x647;&#x631;&#x629; : </subfield>
    <subfield code="b">&#x627;&#x644;&#x646;&#x627;&#x633; &#x644;&#x644;&#x637;&#x628;&#x627;&#x639;&#x629;&#x60C; </subfield>
    <subfield code="c">2011.</subfield>
  </datafield>
  <datafield tag="300" ind1=" " ind2=" ">
    <subfield code="a">930 &#x635;&#x641;&#x62D;&#x629;&#x60C; &#x635;&#x641;&#x62D;&#x627;&#x62A; &#x63A;&#x64A;&#x631; &#x645;&#x631;&#x642;&#x645;&#x629; &#x61B;</subfield>
    <subfield code="c">28 &#x633;&#x645;.</subfield>
  </datafield>
  <datafield tag="336" ind1=" " ind2=" ">
    <subfield code="2">rda content</subfield>
    <subfield code="a">text</subfield>
  </datafield>
  <datafield tag="337" ind1=" " ind2=" ">
    <subfield code="2">rda media</subfield>
    <subfield code="a">Computer</subfield>
  </datafield>
  <datafield tag="338" ind1=" " ind2=" ">
    <subfield code="2">rda carrier</subfield>
    <subfield code="a">Online Resource</subfield>
  </datafield>
  <datafield tag="505" ind1=" " ind2=" ">
    <subfield code="a">&#x62A;&#x62D;&#x62A;&#x648;&#x64A; &#x639;&#x644;&#x649; &#x623;&#x62D;&#x643;&#x627;&#x645; &#x627;&#x644;&#x646;&#x642;&#x636; &#x627;&#x644;&#x62C;&#x646;&#x627;&#x626;&#x64A; 
&#x642;&#x648;&#x627;&#x639;&#x62F; - &#x645;&#x628;&#x627;&#x62F;&#x626; 2008 -2009 &#x62D;&#x62A;&#x64A; &#x645;&#x627;&#x631;&#x633; 2010.</subfield>
  </datafield>
  <datafield tag="546" ind1=" " ind2=" ">
    <subfield code="a">&#x627;&#x644;&#x646;&#x635; &#x628;&#x627;&#x644;&#x644;&#x63A;&#x629; &#x627;&#x644;&#x639;&#x631;&#x628;&#x64A;&#x629;</subfield>
  </datafield>
  <datafield tag="650" ind1="1" ind2=" ">
    <subfield code="a">&#x627;&#x644;&#x646;&#x642;&#x636;</subfield>
    <subfield code="2">qrmak</subfield>
  </datafield>
  <datafield tag="651" ind1="1" ind2=" ">
    <subfield code="2">qrmak</subfield>
  </datafield>
  <datafield tag="856" ind1="4" ind2="0">
    <subfield code="u">https://fll.law.cu.edu.eg/fulltext/bks/B10-09251.pdf</subfield>
  </datafield>
  <datafield tag="905" ind1=" " ind2=" ">
    <subfield code="a">62</subfield>
  </datafield>
  <datafield tag="942" ind1=" " ind2=" ">
    <subfield code="2">ddc</subfield>
    <subfield code="n">0</subfield>
    <subfield code="c">BK</subfield>
    <subfield code="e">21</subfield>
  </datafield>
  <datafield tag="999" ind1=" " ind2=" ">
    <subfield code="c">69906</subfield>
    <subfield code="d">69906</subfield>
  </datafield>
  <datafield tag="952" ind1=" " ind2=" ">
    <subfield code="0">0</subfield>
    <subfield code="1">0</subfield>
    <subfield code="2">ddc</subfield>
    <subfield code="4">0</subfield>
    <subfield code="7">1</subfield>
    <subfield code="8">&#x627;&#x644;&#x642;&#x627;&#x646;&#x648;&#x646; &#x627;&#x644;&#x62C;&#x646;&#x627;&#x626;&#x64A;</subfield>
    <subfield code="a">CU</subfield>
    <subfield code="b">LAW1</subfield>
    <subfield code="d">2026-04-09</subfield>
    <subfield code="l">0</subfield>
    <subfield code="o">Law1 10 343.3844 &#x623; &#x62D; . &#x645; 1ed - 2011 1009251 C1</subfield>
    <subfield code="p">B10-09251</subfield>
    <subfield code="r">2026-04-09 18:17:00</subfield>
    <subfield code="t">1</subfield>
    <subfield code="w">2026-04-09</subfield>
    <subfield code="y">BK</subfield>
  </datafield>
</record>
